| 000 | 01529cam a2200361 a 4500 | ||
|---|---|---|---|
| 999 |
_c619 _d619 |
||
| 001 | 14616405 | ||
| 003 | OSt | ||
| 005 | 20190904122126.0 | ||
| 008 | 061030s2007 nyua b 001 0 eng | ||
| 010 | _a 2006036366 | ||
| 020 |
_a9781591841661 _q(alk. paper) |
||
| 020 |
_a1591841666 _q(alk. paper) |
||
| 035 | _a(OCoLC)ocm74965109 | ||
| 035 | _a(OCoLC)74965109 | ||
| 040 |
_aDLC _cDLC _dDLC |
||
| 082 | 0 | 0 |
_a158 GOD _222 |
| 100 | 1 |
_aGodin, Seth. _eauthor |
|
| 245 | 1 | 4 |
_aThe dip : _ba little book that teaches you when to quit (and when to stick) / _cSeth Godin ; illustrated by Hugh Macleod. |
| 260 |
_aNew York : _bPortfolio, _c2007. |
||
| 300 |
_a80 p. : _bill. ; _c19 cm. |
||
| 504 | _aIncludes bibliographical references and index. | ||
| 520 | _aDescribes when to support and when to fight corporate systems, explaining how to recognize and drop defunct practices to protect profits, job security, and professional satisfaction. | ||
| 650 | 0 | _aSelf-actualization (Psychology) | |
| 650 | 0 | _aSuccess. | |
| 650 | 0 | _aSuccess in business. | |
| 650 | 0 | _aPersistence. | |
| 700 |
_aMacleod, Hugh _eIllustrator |
||
| 856 | 4 | 2 |
_3Publisher description _uhttp://www.loc.gov/catdir/enhancements/fy0742/2006036366-d.html |
| 856 | 4 | 2 |
_3Contributor biographical information _uhttp://www.loc.gov/catdir/enhancements/fy0742/2006036366-b.html |
| 906 |
_a7 _bcbc _corignew _d1 _eecip _f20 _gy-gencatlg |
||
| 942 |
_2ddc _cNFIC |
||